| 000 | 00611nam a22001937a 4500 | ||
|---|---|---|---|
| 003 | OSt | ||
| 005 | 20260110013038.0 | ||
| 008 | 260110b |||||||| |||| 00| 0 eng d | ||
| 020 | _a978-0345-434074 | ||
| 040 |
_aDWC-Main lib _cOC |
||
| 082 | _aCirc. 181.112 C748a 1998 | ||
| 100 | _aAmes, Roger T. | ||
| 245 |
_aThe analects of Confucious : _ba philosophical translation/ _cRoger T. Ames |
||
| 260 |
_aNew York : _bBallantine Books, _cc1998. |
||
| 300 |
_axv, 326 pages : _billustrations ; _c 21cm. |
||
| 650 | _a1. Philosophy - Chinese. | ||
| 700 | _aHenry Rosemont | ||
| 942 |
_2ddc _cBK-CIRC _kCirc. _n0 |
||
| 999 |
_c7243 _d7243 |
||